00425nam a22001577a 450000500170000001000150001702000260003203500130005803700180007108200080008910000230009724500420012026000390016227000460020130000200024720150915124600.0 aENG-113943 c200.00a9789350450918 aEN-97475 bDBAD/PUBadpl a881 aManjushree S.Kumar aEdges of ice /cby Manjushree S.Kumar aCalcutta bWriters Workshop c2014 a162/92, Lake Gardens, bCalcutta e700045 a137p.c22cm(Hb)